| 000 | 005850000a22002170004500 | ||
|---|---|---|---|
| 003 | LK-CoMWRAF | ||
| 005 | 20230920134249.0 | ||
| 008 | 230817t1998 ||||| |||| 00| 0 eng d | ||
| 020 | _a1559349360 | ||
| 040 |
_aLK-CoMWRAF _dLK-CoMWRAF _eLK-CoMWRAF |
||
| 041 | _aeng | ||
| 082 |
_a305.42 _bISS |
||
| 245 |
_aIssues in Feminism: _bAn Introduction to Women's Studies |
||
| 250 | _a4th ed. | ||
| 260 |
_aCalifornia: _bMayfield, _c1997 |
||
| 300 | _axv, 613 p. ; 24 cm. | ||
| 650 | _aFEMINISM | ||
| 650 | _aWomen's studies-United States | ||
| 700 |
_aRuth, Sheila _ecomp. |
||
| 942 | _cBK | ||
| 999 |
_c606 _d606 |
||